|
|
|
|
| LEADER |
00000nam a2200000 a 4500 |
| 001 |
vtls001282306 |
| 003 |
SK-MaSNL |
| 005 |
20260301113349.0 |
| 008 |
240314s1968 xx 0 und |
| 035 |
|
|
|a SNK000233748
|
| 040 |
|
|
|a SNK
|b slo
|c SNK
|e AACR2
|
| 100 |
1 |
|
|a Alexander, L. G.
|q (Louis George),
|d 1932-
|4 aut
|9 451881
|
| 245 |
1 |
0 |
|a Look,Listen, and Learn!
|
| 260 |
|
|
|a London
|b Longman
|c 1968
|
| 300 |
|
|
|a 120 s.
|
| 958 |
|
|
|a OND
|
| 999 |
|
|
|c 713922
|d 715852
|
| 952 |
|
|
|t P60, <04>, [BOOK], {604}
|a SNK
|b SNK
|y VYP
|7 0
|p 17A0057609
|o snkIC 106026/1
|0 0
|1 0
|4 0
|d 1997-04-07
|l 0
|r 2005-01-02 00:00:00
|w 2026-02-23
|